Stamp duty exemption for disadvantaged areas (Record no. 69674)

MARC details
000 -LEADER
fixed length control field 01138cam a2200229 4500
001 - CONTROL NUMBER
control field WB3809-26
008 - FIXED-LENGTH DATA ELEMENTS--GENERAL INFORMATION
fixed length control field 020304n2002 000 0 eng u
035 ## - SYSTEM CONTROL NUMBER
System control number (Sirsi) u116971
245 ## - TITLE STATEMENT
Title Stamp duty exemption for disadvantaged areas
260 ## - PUBLICATION, DISTRIBUTION, ETC.
Date of publication, distribution, etc. 2002
490 ## - SERIES STATEMENT
Series statement RICS News Service
Volume/sequential designation 28 February 2002 (1)
520 ## - SUMMARY, ETC.
Summary, etc. Following the recent submission to the Inland Revenue, RICS has been invited to discuss its views on the recently introduced stamp duty exemption in the UK's 2000 most disadvantaged areas. Likely topics of discussion include, the impacts on regeneration, possible scope of the exemption and potential resource implications on the Valuation Office Agency. For further information contact David Melhuish on t +44 (0)20 7695 1535 or e [email protected] Full text of the submission: http://www.rics.org/ricscms/bin/show?class=Policy&template=/includes/showpolicy.html&id=667
590 ## - LOCAL NOTE (RLIN)
Local note WB
650 ## - SUBJECT ADDED ENTRY--TOPICAL TERM
Topical term or geographic name entry element STAMP DUTY
650 ## - SUBJECT ADDED ENTRY--TOPICAL TERM
Topical term or geographic name entry element EXEMPTION
650 ## - SUBJECT ADDED ENTRY--TOPICAL TERM
Topical term or geographic name entry element INLAND REVENUE
650 ## - SUBJECT ADDED ENTRY--TOPICAL TERM
Topical term or geographic name entry element RICS
650 ## - SUBJECT ADDED ENTRY--TOPICAL TERM
Topical term or geographic name entry element VALUATION OFFICE AGENCY
650 ## - SUBJECT ADDED ENTRY--TOPICAL TERM
Topical term or geographic name entry element DISADVANTAGED AREAS
690 ## - LOCAL SUBJECT ADDED ENTRY--TOPICAL TERM (OCLC, RLIN)
Topical term or geographic name as entry element REGENERATION
942 ## - ADDED ENTRY ELEMENTS (KOHA)
Suppress in OPAC 0
Holdings
Withdrawn status Lost status Source of classification or shelving scheme Damaged status Not for loan Home library Current library Shelving location Date acquired Total Checkouts Full call number Barcode Date last seen Copy number Price effective from Koha item type
    Dewey Decimal Classification     London London News article 04/03/2002   WB3809-26 116971-1001 06/08/2019 1 06/08/2019 News article